Návrh zaistenia hlbokej stavebnej jamy
Gespeichert in:
| 1. Verfasser: | |
|---|---|
| Weitere Verfasser: | |
| Format: | Manuskript Buch |
| Sprache: | Slowakisch |
| Veröffentlicht: |
2023
|
| Schlagworte: | |
| Online-Zugang: | http://is.stuba.sk/zp/portal_zp.pl?podrobnosti=171441 https://opac.crzp.sk/?fn=detailBiblioForm&sid=C0DEB8E07572332BAC260D15805F |
| Tags: |
Keine Tags, Fügen Sie das erste Tag hinzu!
|
MARC
| LEADER | 00000ntm a22000003a 4500 | ||
|---|---|---|---|
| 001 | stuzp94736 | ||
| 003 | SK-STU | ||
| 005 | 20230925094358.1 | ||
| 007 | ta | ||
| 008 | 150427s2015----xo-----f-mn---000-0-slo-d | ||
| 040 | |a STU |b slo | ||
| 041 | 0 | |a slo | |
| 100 | 1 | |a Zarevúcka, Michaela |u 010150 |4 aut |U SvF Stavebná fakulta |T SvF Katedra geotechniky |X 93384 |U V150 |Y 15 |7 93384 | |
| 242 | 0 | 1 | |a Getechnical design of deep excavaion |y eng |
| 245 | 1 | 0 | |a Návrh zaistenia hlbokej stavebnej jamy |
| 260 | |c 2023 | ||
| 650 | 4 | |a pažiaca konštrukcia |2 slo | |
| 650 | 4 | |a základová konštrukcia |2 slo | |
| 650 | 4 | |a znečistenie horninového prostredia |2 slo | |
| 650 | 4 | |a Mixed-in-place |2 slo | |
| 650 | 4 | |a foundation structures |2 eng | |
| 650 | 4 | |a polluted environment |2 eng | |
| 650 | 4 | |a Mixed-in-place |2 eng | |
| 650 | 4 | |a retaining structures |2 eng | |
| 700 | 1 | |a Frankovská, Jana |u 010150 |k Z1 |4 ths |U SvF Stavebná fakulta |T SvF Katedra geotechniky |X 3849 |U V150 |Y 15 |7 A000003849 | |
| 856 | 4 | |u http://is.stuba.sk/zp/portal_zp.pl?podrobnosti=171441 | |
| 856 | 4 | |u https://opac.crzp.sk/?fn=detailBiblioForm&sid=C0DEB8E07572332BAC260D15805F | |